Statystyki dla gminy powiatu węgrowskiego

Kliknij tutaj aby rozwiązać quiz!

Ogólne statystyki

  • Ten quiz został rozwiązany 63 razy
  • Średni wynik to 6 z 9

Odpowiedzi na mapie

Odpowiedzi skodowane kolorowo w zielono-czerwonej skali na mapie do tego quizu, zgodnie z poniższymi procentami.
 

Statystyki odpowiedzi

GminaOdpowiedź% Poprawnych
miejskaWęgrów
97%
wiejskaLiw
90%
miejsko-wiejska
Łochów
87%
wiejskaGrębków
58%
wiejskaKorytnica
58%
wiejskaMiedzna
58%
wiejskaStoczek
52%
wiejskaSadowne
48%
wiejska
Wierzbno
32%

Rozkład punktacji

Percentyl według liczby udzielonych odpowiedzi

Procent ludzi z każdym wynikiem

Twoja historia wyników

Nie rozwiązałeś tego quizu